000 00639cam a2200169 4500
001 WB3532-14
008 000000n1999 000 0 eng u
035 _a(Sirsi) u102548
245 _aHome shopping boosted by traditional retailers.
260 _c1999
490 _aFinancial Times
_v16 August 1999. 6(1)
520 _aVerdict estimates that the home shopping market grew almost twice as fast as the retail sector as a whole in 1998 due to the greater willingness of traditional retailers to participate in this sector of the market.
650 _aHOME SHOPPING
650 _aRETAIL
690 _aECONOMIC AND SOCIAL
942 _n0
999 _c61554
_d61554